Олигомеризация фракции С9 в присутствии каталитических систем на основе хлоридов титана и алюминия; Химия и химическая технология в XXI веке; Т. 2
| Parent link: | Химия и химическая технология в XXI веке: материалы XII Всероссийской научно-практической конференции студентов и молодых ученых с международным участием, Томск, 11-13 мая 2011 г./ Национальный исследовательский Томский политехнический университет (ТПУ), Институт природных ресурсов (ИПР).— , 2011 Т. 2.— 2011.— [С. 192-193] |
|---|---|
| Prif Awdur: | |
| Awduron Eraill: | |
| Crynodeb: | Заглавие с титульного листа Электронная версия печатной публикации |
| Iaith: | Rwseg |
| Cyhoeddwyd: |
2011
|
| Cyfres: | Секция 6. Охрана окружающей среды и экология Homo Sapiens |
| Pynciau: | |
| Mynediad Ar-lein: | http://www.lib.tpu.ru/fulltext/v/Conferences/2011/C6/C6a97.pdf |
| Fformat: | Electronig Pennod Llyfr |
| KOHA link: | https://koha.lib.tpu.ru/cgi-bin/koha/opac-detail.pl?biblionumber=216336 |
MARC
| LEADER | 00000naa2a2200000 4500 | ||
|---|---|---|---|
| 001 | 216336 | ||
| 005 | 20260121163631.0 | ||
| 035 | |a (RuTPU)RU\TPU\book\236305 | ||
| 035 | |a RU\TPU\book\236297 | ||
| 090 | |a 216336 | ||
| 100 | |a 20120523d2011 k y0rusy50 ca | ||
| 101 | 0 | |a rus | |
| 102 | |a RU | ||
| 135 | |a drnn ---uucaa | ||
| 181 | 0 | |a i | |
| 182 | 0 | |a b | |
| 200 | 1 | |a Олигомеризация фракции С9 в присутствии каталитических систем на основе хлоридов титана и алюминия |f Ю. Е. Похарукова |g науч. рук. Е. П. Фитерер | |
| 203 | |a Текст |c электронный | ||
| 215 | |a 1 файл (529 Кб) | ||
| 225 | 1 | |a Секция 6. Охрана окружающей среды и экология Homo Sapiens | |
| 300 | |a Заглавие с титульного листа | ||
| 300 | |a Электронная версия печатной публикации | ||
| 320 | |a [Библиогр.: с. 193 (5 назв.)] | ||
| 337 | |a Adobe Reader | ||
| 461 | 1 | |0 (RuTPU)RU\TPU\book\218704 |t Химия и химическая технология в XXI веке |o материалы XII Всероссийской научно-практической конференции студентов и молодых ученых с международным участием, Томск, 11-13 мая 2011 г. |o в 2 т. |f Национальный исследовательский Томский политехнический университет (ТПУ), Институт природных ресурсов (ИПР) |d 2011 | |
| 463 | 1 | |0 (RuTPU)RU\TPU\book\218881 |t Т. 2 |v [С. 192-193] |d 2011 | |
| 610 | 1 | |a нефтеполимерные смолы | |
| 610 | 1 | |a олигомерные смолы | |
| 610 | 1 | |a олигомеризация | |
| 610 | 1 | |a фракции | |
| 610 | 1 | |a каталитические системы | |
| 610 | 1 | |a титан | |
| 610 | 1 | |a алюминий | |
| 610 | 1 | |a хлориды | |
| 610 | 1 | |a получение | |
| 610 | 1 | |a труды учёных ТПУ | |
| 610 | 1 | |a электронный ресурс | |
| 700 | 1 | |a Похарукова |b Ю. Е. | |
| 702 | 1 | |a Фитерер |b Е. П. |c российский химик-органик |c старший преподаватель Томского политехнического университета, кандидат химических наук |f 1974- |g Елена Петровна |3 (RuTPU)RU\TPU\pers\25650 |4 727 | |
| 801 | 1 | |a RU |b 63413507 |c 20120118 | |
| 801 | 2 | |a RU |b 63413507 |c 20130218 |g RCR | |
| 856 | 4 | |u http://www.lib.tpu.ru/fulltext/v/Conferences/2011/C6/C6a97.pdf | |
| 942 | |c CF | ||